PRACTICAL MEDICINE (Record no. 1459)

MARC details
000 -LEADER
fixed length control field 00339nam a2200145Ia 4500
008 - FIXED-LENGTH DATA ELEMENTS--GENERAL INFORMATION
fixed length control field 150201s2012 xx 000 0 und d
082 ## - DEWEY DECIMAL CLASSIFICATION NUMBER
Classification number 610
Item number P12M
100 ## - MAIN ENTRY--PERSONAL NAME
Personal name MEHTA , P.J.
245 ## - TITLE STATEMENT
Title PRACTICAL MEDICINE
250 ## - EDITION STATEMENT
Edition statement 19TH
260 ## - PUBLICATION, DISTRIBUTION, ETC. (IMPRINT)
Name of publisher, distributor, etc. THE NATINOAL BOOK
Place of publication, distribution, etc. DELHI
Date of publication, distribution, etc. 2012
300 ## - PHYSICAL DESCRIPTION
Extent 1-556
650 ## - SUBJECT ADDED ENTRY--TOPICAL TERM
Topical term or geographic name as entry element MEDICINE
942 ## - ADDED ENTRY ELEMENTS (KOHA)
Source of classification or shelving scheme Dewey Decimal Classification
Koha item type Books
Koha issues (borrowed), all copies 49
Holdings
Withdrawn status Lost status Source of classification or shelving scheme Damaged status Not for loan Collection code Home library Current library Shelving location Date acquired Source of acquisition Cost, normal purchase price SGTU Bill Number Total Checkouts Full call number Barcode Date last seen Date last checked out Bill Date Koha item type Total Renewals
    Dewey Decimal Classification     MEDICAL SGT Medical Library SGT Medical Library Text Book 19/02/2013 ABC DELHI 560.00 SGTU 3173 8 610 P12M FM5265 30/05/2026 16/05/2026 20/02/2013 Books  
    Dewey Decimal Classification     MEDICAL SGT Medical Library SGT Medical Library Text Book 19/02/2013 ABC DELHI 560.00 SGTU 3173 4 610 P12M FM5266 30/06/2017 23/06/2017 20/02/2013 Books  
    Dewey Decimal Classification     MEDICAL SGT Medical Library SGT Medical Library Text Book 19/02/2013 ABC DELHI 560.00 SGTU 3173 17 610 P12M FM5267 10/04/2025 28/03/2025 20/02/2013 Books  
    Dewey Decimal Classification     MEDICAL SGT Medical Library SGT Medical Library Text Book 19/02/2013 ABC DELHI 560.00 SGTU 3173 28 610 P12M FM5268 16/02/2026 06/02/2026 20/02/2013 Books  
    Dewey Decimal Classification     MEDICAL SGT Medical Library SGT Medical Library Text Book 19/02/2013 ABC DELHI 560.00 SGTU 3173 24 610 P12M FM5269 05/03/2026 25/02/2026 20/02/2013 Books 2
    Dewey Decimal Classification     MEDICAL SGT Medical Library SGT Medical Library Reference Book 31/01/2018     SGTU   26 610 P12M FM9858 24/04/2025 15/04/2025 31/01/2018 Books